Frame-like gauge-invariant description of massive fermionic higher spins in 3D; Physics of Particles and Nuclei Letters; Vol. 14, iss. 2

Dades bibliogràfiques
Parent link:Physics of Particles and Nuclei Letters: Scientific Journal
Vol. 14, iss. 2.— 2017.— [P. 376–378]
Autor principal: Permyakova M. Yu.
Autor corporatiu: Национальный исследовательский Томский политехнический университет (ТПУ) Физико-технический институт (ФТИ) Кафедра высшей математики и математической физики (ВММФ)
Altres autors: Snegirev T. V. Timofey Vladimirovich
Sumari:Title screen
We give the frame-like gauge-invariant Lagrangian description for massive fermionic arbitrary spin fields in three-dimensional AdS space. The Lagrangian, complete set of gauge transformations and gauge-invariant curvatures are obtained.
Режим доступа: по договору с организацией-держателем ресурса
Idioma:anglès
Publicat: 2017
Matèries:
Accés en línia:http://dx.doi.org/10.1134/S154747711702025X
Format: MixedMaterials Electrònic Capítol de llibre
KOHA link:https://koha.lib.tpu.ru/cgi-bin/koha/opac-detail.pl?biblionumber=654534

MARC

LEADER 00000naa0a2200000 4500
001 654534
005 20250312141330.0
035 |a (RuTPU)RU\TPU\network\20156 
090 |a 654534 
100 |a 20170503d2017 k||y0rusy50 ba 
101 0 |a eng 
102 |a RU 
135 |a drcn ---uucaa 
181 0 |a i  
182 0 |a b 
200 1 |a Frame-like gauge-invariant description of massive fermionic higher spins in 3D  |f M. Yu. Permyakova, T. V. Snegirev 
203 |a Text  |c electronic 
300 |a Title screen 
320 |a [References: p. 378 (8 tit.)] 
330 |a We give the frame-like gauge-invariant Lagrangian description for massive fermionic arbitrary spin fields in three-dimensional AdS space. The Lagrangian, complete set of gauge transformations and gauge-invariant curvatures are obtained. 
333 |a Режим доступа: по договору с организацией-держателем ресурса 
461 |t Physics of Particles and Nuclei Letters  |o Scientific Journal 
463 |t Vol. 14, iss. 2  |v [P. 376–378]  |d 2017 
610 1 |a электронный ресурс 
610 1 |a труды учёных ТПУ 
610 1 |a калибровочные преобразования 
700 1 |a Permyakova  |b M. Yu. 
701 1 |a Snegirev  |b T. V.  |c physicist  |c engineer-researcher, Senior Lecturer of Tomsk Polytechnic University, candidate of technical Sciences  |f 1987-  |g Timofey Vladimirovich  |3 (RuTPU)RU\TPU\pers\37255 
712 0 2 |a Национальный исследовательский Томский политехнический университет (ТПУ)  |b Физико-технический институт (ФТИ)  |b Кафедра высшей математики и математической физики (ВММФ)  |3 (RuTPU)RU\TPU\col\18727 
801 2 |a RU  |b 63413507  |c 20170503  |g RCR 
856 4 |u http://dx.doi.org/10.1134/S154747711702025X 
942 |c CF